000 00630nam a2200205 a 4500
001 000011455
005 20240412074226.0
008 091019s1994 dr a r 000 d spa d
040 _aDO-SdBNP
_bspa
_cBNPHU
082 _aRD862.44
_bR918r, 1994
100 1 _aRueda, Manuel,
_d1921-1999
_922834
245 1 3 _aEl rey Clinejas :
_bteatro /
_cManuel Rueda.
250 _a3a ed.
260 _aSanto Domingo :
_bSoto Castillo,
_c1994.
300 _a126 p. :
_bil. ;
_c22 cm.
590 _aInventariado, 2019/DG
650 0 _aTeatro dominicano
_9637
650 0 _aLiteratura dominicana.
_967
910 _aValidado. Control de calidad. MFF
999 _c11156
_d11156